00286nam a22001217a 4500020001800000041001200018082001200030100001900042245003300061260005200094300000800146650001000154 a81-7231-523-6 aEnglish a297 SID aSiddiqui, Moid aIslam: A Religion with Wings aNew DelhibIslamic Book Service Pvt. Ltd.c2013 a157 aIslam